[Event "Kolomna rapid op"]
[Site "Kolomna"]
[Date "2018.02.16"]
[Round "6"]
[White "Novikov, Konstantin"]
[Black "Strelkov, Daniil"]
[Result "1-0"]
[WhiteElo "2255"]
[BlackElo "1571"]
[PlyCount "63"]
[EventDate "2018.02.16"]
[EventType "swiss (rapid)"]
[EventRounds "11"]
[EventCountry "RUS"]
[SourceTitle "CBM 183 Extra"]
[Source "ChessBase"]
[SourceDate "2018.04.19"]
[SourceVersion "1"]
[SourceVersionDate "2018.04.19"]
[SourceQuality "1"]

1. e4 e5 2. Nf3 Nc6 3. Bb5 a6 4. Ba4 Nf6 5. 0-0 b5 6. Bb3 Bc5 7. c3 d5 8. exd5 Nxd5 9. Nxe5 Nxe5 10. d4 Bb6 11. dxe5 Be6 12. Bg5 Qxg5 13. Bxd5 Bxd5 14. Qxd5 0-0 15. Kh1 Bxf2 16. Na3 Bb6 17. Rae1 Rad8 18. Qf3 h6 19. Nc2 Rd2 20. Nb4 Rxb2 21. e6 Qe7 22. Nc6 Qf6 23. Qxf6 gxf6 24. e7 Re8 25. Rd1 Rxe7 26. Nxe7+ Kg7 27. Nf5+ Kh7 28. h4 Rxa2 29. h5 Ra4 30. Rd7 Kg8 31. Rd8+ Kh7 32. Re1 1-0